000 00553nam a22001697a 4500
003 OSt
005 20260508012458.0
008 260505b |||||||| |||| 00| 0 eng d
040 _aDWCL-Main Lib
_cOC
082 _aRes. 899.211 M298 2004
100 _aMarasigan, Emily V.
245 _aPluma IV :
_bwika at panitikan para sa mataas na paaralan [teachers guide] /
_cMarasigan, Emily V.
260 _aQuezon City :
_bPhoenix Pub.,
_cc2004.
300 _avii , 144 p. ;
_c22 cm.
650 _aPhilippine - Literature
942 _2ddc
_cBK-0 CIRC
_mRes.
_n0
999 _c10233
_d10233